| 000 | 01350cab a2200265 4500 | ||
|---|---|---|---|
| 001 | W13173 | ||
| 008 | 090401t1996 xxu||||| |||| 00| 0 eng d | ||
| 035 | _a(Sirsi) u56922 | ||
| 041 | _aeng | ||
| 245 | _aDemonstrable harm | ||
| 260 | _c1996 | ||
| 350 | _a0 | ||
| 490 |
_aEstates Gazette Case Summaries _v[1996] EGCS 66(1) (13/04/96) |
||
| 520 | _a"J Sainsbury plc and another v SoS Environment and another" QBD 3 April 1996. Two applications for planning permission - one for retail development including food store with shops and a car park and the second for retail development including foodstore, housing development and a retail warehouse and park. The land was outside Aylesbury town centre. Inspector found that the proposals would not enhance the town centre in accordance with Buckinghamshire`s structure plan. SoS Environment (X) agreed. S contended no demonstrable harm shown. X contended demonstrable harm is a policy not a legal concept. Applications refused. | ||
| 650 | _aDEMONSTRABLE HARM | ||
| 650 | _aJ SAINSBURY PLC AND ANOTHER V SOS ENVIRONMENT AND ANOTHER | ||
| 650 | _aMATERIAL CONSIDERATION | ||
| 650 | _aPPG1 | ||
| 650 | _aPLANNING POLICY GUIDANCE NOTE 13 | ||
| 650 | _aRETAIL DEVELOPMENT | ||
| 650 | _aSTRUCTURE PLANS | ||
| 690 | _aPLANNING LAW AND PRACTICE-CASE LAW | ||
| 942 | _n0 | ||
| 948 | _c04/03/1997 | ||
| 999 |
_c34732 _d34732 |
||